[Event "ZN-2011-0-01271"]
[Site "LSS email"]
[Date "2011.01.07"]
[Round "?"]
[White "Klosova, Marketa"]
[Black "Klos, Gustav"]
[Result "0-1"]
[WhiteElo "800"]
[BlackElo "552"]
[PlyCount "38"]
[EventDate "2011.01.03"]
[EventType "match (corr)"]
[EventRounds "2"]
[EventCountry "GER"]
[SourceTitle "Telechess CBM 145"]
[Source "Chessbase"]
[SourceDate "2011.11.11"]
[SourceVersion "1"]
[SourceVersionDate "2011.11.11"]
[SourceQuality "1"]

1. d4 d5 2. c3 Nc6 3. e3 Nf6 4. Bb5 Bg4 5. f3 a6 6. fxg4 axb5 7. g5 Ng4 8. h3 Nxe3 9. Bxe3 e5 10. dxe5 Nxe5 11. Nf3 Bd6 12. Bf4 0-0 13. Nxe5 Ra4 14. Bg3 Re4+ 15. Kf1 Bxe5 16. Nd2 Re3 17. Bf2 Rd3 18. Qe2 Rxd2 19. Qxd2 g6 0-1